[Event "Balatonbereny op"]
[Site "Balatonbereny"]
[Date "1985.??.??"]
[Round "10"]
[White "Oltean, Dorel"]
[Black "Gauglitz, Gernot"]
[Result "0-1"]
[WhiteElo "2385"]
[BlackElo "2365"]

1.e4 c5 2.Nc3 Nc6 3.Nge2 Nf6 4.g3 Nd4 5.Bg2 d6 6.O-O e5 7.d3 Be7 8.h3 Bd7
9.Nxd4 cxd4 10.Ne2 Bc6 11.f4 O-O 12.c3 dxc3 13.Nxc3 b5 14.Be3 exf4 15.gxf4 b4
16.Ne2 Qa5 17.Qd2 Bd7 18.f5 Qa6 19.Nf4 Rab8 20.Kh1 Rfc8 21.Bd4 Ba4 22.b3 Bb5
23.Rg1 Kh8 24.Bf3 Rg8 25.Rg3 Nd7 26.Rag1 Ne5 27.Nh5 Bf8 28.Nf6 Be7 29.Nh5 Bf8
30.Nxg7 Bxg7 31.Qg2 Ng6 32.fxg6 Bxd4 33.g7+ Rxg7 34.Rxg7 Bxg1 35.Rxf7 Bd4
36.Qg5 Qxa2 37.Bd1 Rg8 38.Rxh7+ Kxh7 39.Qh5+ Kg7 40.Qg5+ Kf7  0-1

[Event "Boeblingen op"]
[Site "Boeblingen"]
[Date "1985.??.??"]
[Round "?"]
[White "Novoselski, Zoran"]
[Black "Hardicsay, Peter"]
[Result "1-0"]
[WhiteElo "2430"]
[BlackElo "2340"]

1.e4 c5 2.Nf3 Nc6 3.Nc3 e6 4.Bb5 Nge7 5.O-O a6 6.Bxc6 Nxc6 7.d4 cxd4 8.Nxd4 d6
9.Re1 Bd7 10.Nxc6 bxc6 11.Qg4 h5 12.Qe2 Be7 13.f4 h4 14.h3 Qb6+ 15.Be3 Qxb2
16.Qd3 Qb7 17.Rab1 Qc7 18.Na4 O-O 19.Bb6 Qc8 20.Bd4 Qe8 21.Nb6 Rd8 22.Qxa6 e5
23.Nxd7 Rxd7 24.fxe5 dxe5 25.Be3 Qa8 26.Qc4 c5 27.a4 Ra7 28.Ra1 Rb8 29.Rf1 Bf6
30.Bd2 Rb2 31.Rf2 Qc6 32.Bc3 Rbb7 33.Rd2 Bg5 34.Rd3 Bf4 35.a5 Kh7 36.Rd5 Qf6
37.Qd3 Qg5 38.Be1 Rc7 39.Bf2 c4 40.Qd1 Ra6 41.Qg4 Qxg4 42.hxg4 g5 43.Rb1 c3
44.Rb4 Kg7 45.Kf1 Rcc6 46.Ke2 Ra8 47.Kd3 Rca6 48.Rbb5 Rh8 49.Kxc3 h3 50.gxh3 Rxh3+
51.Kb2 Rh2 52.Bc5 Re2 53.Rd7 Rxe4 54.Rbb7 Rf6 55.Be7 Rc6 56.Bd8 Rec4 57.Rxf7+ Kg8
58.Rg7+ Kf8 59.Bb6 Bd2 60.Rgd7 Rxc2+ 61.Kb3 Rc8 62.Bc7 Rc3+ 63.Kb2 Rc6 64.Bd6+ Rxd6
65.Rxd6 Bxa5 66.Rf6+ Ke8 67.Kb3 Rc7 68.Rxc7 Bxc7 69.Kc4 Ke7 70.Rg6 e4 71.Kd4 Bf4
72.Kxe4 Kf7 73.Kf5 Be3 74.Re6 Bf4 75.Re2 Bc1 76.Rh2 Kg7 77.Ra2 Be3 78.Rb2 Kf7
79.Rb7+  1-0

[Event "CAN-ch"]
[Site "?"]
[Date "1985.??.??"]
[Round "1"]
[White "Pineault, Denis"]
[Black "Roy, Arnaud"]
[Result "1/2-1/2"]
[WhiteElo "2240"]
[BlackElo "2200"]

1.e4 c5 2.Nf3 Nc6 3.Nc3 Nf6 4.Bb5 a6 5.Bxc6 dxc6 6.e5 Nd5 7.Ne4 Qa5 8.O-O Bf5
9.Ng3 Bg6 10.e6 f6 11.d3 O-O-O 12.Bd2 Qc7 13.Qc1 Be8 14.h4 b6 15.a3 Qb7 16.b4 cxb4
17.axb4 Nc7 18.Re1 Rd6 19.Ne4 Rxe6 20.Nd4 Re5 21.c4 Bd7 22.Bf4 Rxe4 23.Rxe4 e5
24.b5 exf4 25.Qxf4 axb5 26.Nf5 bxc4 27.dxc4 c5 28.Ne7+ Bxe7 29.Rxe7 Re8 30.Qd6 Rxe7
31.Qxe7 Ne8 32.Rd1 Qc7 33.Re1 Bc6 34.Qf8 Qd8 35.h5 h6 36.Qf7 Qd7 37.Re7 Qd1+
38.Kh2 Qd6+ 39.Kg1 Qd1+ 40.Kh2 Qd6+  1/2-1/2

[Event "Midwest Masters"]
[Site "Chicago"]
[Date "1985.??.??"]
[Round "1"]
[White "Allen, Edward J"]
[Black "Colias, Billy"]
[Result "0-1"]
[WhiteElo "2200"]
[BlackElo "2200"]

1.e4 c5 2.Nc3 Nc6 3.Nf3 d6 4.d4 cxd4 5.Nxd4 Nf6 6.f4 e6 7.Be3 Be7 8.Qf3 Qc7
9.O-O-O a6 10.g4 Nxd4 11.Rxd4 e5 12.Rc4 Bxg4 13.Qg2 Qa5 14.Ra4 Qd8 15.Nd5 Nxd5
16.exd5 Bf5 17.Rg1 b5 18.Rxa6 Rxa6 19.Bxb5+ Bd7 20.Bxa6 Bf6 21.Bd3 O-O 22.fxe5 Bxe5
23.Bd4 Bxd4 24.Qe4 Bxb2+ 25.Kxb2 Qb6+ 26.Kc3 Rc8+ 27.Kd2 Qf2+  0-1

[Event "Jurmala"]
[Site "Jurmala"]
[Date "1985.??.??"]
[Round "6"]
[White "Balashov, Yuri S"]
[Black "King, Daniel J"]
[Result "1/2-1/2"]
[WhiteElo "2495"]
[BlackElo "2425"]

1.e4 c5 2.Nc3 Nc6 3.Nf3 Nf6 4.Bb5 g6 5.e5 Ng4 6.Bxc6 dxc6 7.h3 Nh6 8.O-O Bg7
9.Re1 O-O 10.d3 Nf5 11.Ne4 b6 12.Bf4 Nd4 13.a4 h6 14.Ned2 Be6 15.b3 Bd5 16.Bh2  1/2-1/2

[Event "Kecskemet op"]
[Site "Kecskemet "]
[Date "1985.??.??"]
[Round "10"]
[White "Kristiansen, Jens"]
[Black "Pribyl, Josef"]
[Result "1-0"]
[WhiteElo "2390"]
[BlackElo "2415"]

1.e4 c5 2.Nc3 Nc6 3.Nf3 Nf6 4.Bb5 e6 5.Bxc6 bxc6 6.e5 Nd5 7.Ne4 f5 8.Nd6+ Bxd6
9.exd6 Ba6 10.d3 c4 11.dxc4 Nf6 12.b3 Qa5+ 13.Bd2 Qa3 14.Bf4 Qb4+ 15.Qd2 Qxd2+
16.Kxd2 c5 17.Ke2 Bb7 18.Ne5 Bxg2 19.Rhg1 Nh5 20.Be3 Be4 21.f3 Bxc2 22.Rac1 f4
23.Bxc5 Bf5 24.Bd4 Rg8 25.c5 Nf6 26.c6 dxc6 27.Rxc6 Nd5 28.Rgc1 Rd8 29.Rc8 g5
30.Rxd8+ Kxd8 31.d7 Ke7 32.Rc8 Rd8 33.Bc5+  1-0

[Event "Lugano op"]
[Site "Lugano"]
[Date "1985.??.??"]
[Round "2"]
[White "Salazar, Hernan"]
[Black "Ivkov, Borislav"]
[Result "0-1"]
[WhiteElo "2350"]
[BlackElo "2510"]

1.e4 c5 2.Nc3 Nc6 3.Nge2 d6 4.d4 cxd4 5.Nxd4 Nf6 6.Be2 e5 7.Nf3 h6 8.O-O Be6
9.Re1 Be7 10.h3 O-O 11.Bf1 Re8 12.Nd5 Bf8 13.c4 g6 14.b3 Nd7 15.Nd2 Bg7 16.Ba3 Nf8
17.Nb1 f5 18.Bxd6 Rc8 19.Nbc3 Nd4 20.c5 fxe4 21.Bc4 Kh8 22.Nxe4 b5 23.cxb6 axb6
24.a4 Nh7 25.Ne3 Bf5 26.Bf7 Bxe4 27.Bxe8 Qxe8 28.Nc4 Ng5 29.h4 Ngf3+ 30.gxf3 Nxf3+
31.Kf1 Nxe1 32.Kxe1 Qe6 33.Qe2 Qf5 34.Rc1 Bd3 35.Qe3 Rc6 36.Bb4 Bxc4 37.bxc4 Qf4
38.Qd3 Qxh4 39.Qd5 Rf6 40.Rc2 Rf4 41.Bd6 Re4+  0-1

[Event "Lugano op"]
[Site "Lugano"]
[Date "1985.??.??"]
[Round "8"]
[White "Salazar, Hernan"]
[Black "Spraggett, Kevin"]
[Result "0-1"]
[WhiteElo "2350"]
[BlackElo "2560"]

1.e4 c5 2.Nc3 Nc6 3.Nge2 d6 4.d4 cxd4 5.Nxd4 Nf6 6.Be2 e5 7.Nf3 h6 8.O-O Be6
9.Re1 Be7 10.h3 O-O 11.Bf1 Rc8 12.Nd5 Re8 13.c4 Bf8 14.b3 Nd7 15.Bd3 g6 16.Bc2 a6
17.Ne3 Nf6 18.Qd2 b5 19.cxb5 axb5 20.a3 Qb6 21.Bb2 b4 22.Nd5 Bxd5 23.exd5 bxa3
24.Rxa3 Nb4 25.Bb1 Nbxd5 26.Qa5 Qb8 27.Nd2 Nf4 28.Qa7 Qb4 29.Nf3 Bg7 30.Kh2 Ne6
31.Qa4 Qb7 32.Qa6 Qe7 33.b4 Rb8 34.Bc3 Nc7 35.Qd3 Nb5 36.Ra5 Qb7 37.Rxb5 Qxb5
38.Qxd6 Nd5 39.Bxe5 Bf8 40.Bd3 Bxd6  0-1

[Event "WchT U26"]
[Site "Mendoza"]
[Date "1985.??.??"]
[Round "4"]
[White "Roselli Mailhe, Bernardo"]
[Black "Trepp, Markus"]
[Result "1/2-1/2"]
[WhiteElo "2275"]
[BlackElo "2355"]

1.e4 c5 2.Nf3 Nc6 3.Nc3 d6 4.d4 cxd4 5.Nxd4 Nf6 6.Be2 e5 7.Nb3 Be7 8.O-O O-O
9.Be3 Be6 10.f4 d5 11.exd5 Nxd5 12.Nxd5 Bxd5 13.fxe5 Nxe5 14.Qe1 Qc7 15.Qg3 Qxc2
16.Nd4 Qg6 17.Nf5 Bf6 18.Qh3 Bd8 19.Rad1 Qe6 20.Bg4 Kh8 21.Nxg7 Qxg4 22.Rxd5 Qxh3
23.gxh3 Kxg7 24.Rxe5 Bb6 25.Rg5+ Kh8 26.Bxb6 axb6 27.Rb5 Rxa2 28.Rxb6 Ra7
29.Rf3  1/2-1/2

[Event "WchT U26"]
[Site "Mendoza"]
[Date "1985.??.??"]
[Round "8"]
[White "Franzoni, Giancarlo"]
[Black "Lau, Ralf"]
[Result "1/2-1/2"]
[WhiteElo "2345"]
[BlackElo "2410"]

1.e4 c5 2.Nc3 Nc6 3.Nge2 d6 4.d4 cxd4 5.Nxd4 e6 6.Be2 Nf6 7.O-O Be7 8.Kh1 O-O
9.f4 Bd7 10.Be3 Nxd4 11.Bxd4 Bc6 12.Bd3 Nd7 13.Qe2 e5 14.Be3 exf4 15.Bxf4 Qc7
16.Rad1 Bf6 17.Nb5 Bxb5 18.Bxb5 Ne5 19.Ba4 Rad8 20.Bb3 b6 21.c3 Qe7 22.Qd2 h6
23.Qd5  1/2-1/2

[Event "New York op"]
[Site "New York"]
[Date "1985.??.??"]
[Round "5"]
[White "Savage, Allan G"]
[Black "Polgar, Zsuzsa"]
[Result "0-1"]
[WhiteElo "2325"]
[BlackElo "2430"]

1.e4 c5 2.Nc3 Nc6 3.Nge2 g6 4.d4 cxd4 5.Nxd4 Bg7 6.Nde2 Nf6 7.g3 d6 8.Bg2 O-O
9.O-O Be6 10.h3 Rc8 11.Nf4 Bc4 12.Re1 b5 13.Be3 b4 14.Ncd5 e6 15.Nxf6+ Qxf6
16.Bc1 Nd4 17.c3 bxc3 18.bxc3 Nb5 19.Bb2 Qe7 20.Qd2 Rfd8 21.Red1 a5 22.a4 Na7
23.Ba3 Bb3 24.Rdc1 Nc6 25.Nd3 Bxa4 26.Rab1 Qd7 27.f4 Ne7 28.Kh2 f5 29.c4 Bc6
30.Nf2 fxe4 31.Nxe4 Nf5 32.g4 Nd4 33.Nxd6 a4 34.Qf2 Rb8 35.Rd1 Rxb1 36.Rxb1 g5
37.Ne4 gxf4 38.Qxf4 Ne2 39.Qg5 Qc7+ 40.Kh1 Bxe4  0-1

[Event "DSV-Turnier"]
[Site "Potsdam"]
[Date "1985.??.??"]
[Round "13"]
[White "Vogt, Lothar"]
[Black "Tischbierek, Raj"]
[Result "1/2-1/2"]
[WhiteElo "2460"]
[BlackElo "2460"]

1.e4 c5 2.Nf3 Nc6 3.Nc3 d6 4.d4 cxd4 5.Nxd4 Nf6 6.Bg5 e6 7.Qd2 Be7 8.O-O-O O-O
9.f4 h6 10.Bh4 e5 11.Nf5 Bxf5 12.exf5 exf4 13.Kb1 d5 14.Qxf4 d4 15.Bxf6 Bxf6
16.Ne4 Rc8 17.Bd3 Be5 18.Qd2 Qa5 19.g4 Qxd2 20.Rxd2 Bf4 21.Rg2 Ne5 22.h4 Rc6
23.a3 Nxd3 24.cxd3 Rfc8 25.Ka2 Rc2 26.Rhg1 Be3 27.Kb3 R2c6 28.Rf1 f6 29.Re1 Rb6+
30.Ka2 a5 31.Ree2 Rbc6 32.g5 hxg5 33.hxg5 fxg5 34.Nxg5 Bxg5 35.Rxg5 R8c7
36.Re8+ Kf7 37.Rd8 Kf6 38.Rh5 Rb6 39.Kb1 Re7 40.Rf8+ Rf7 41.Rd8 Re7  1/2-1/2

[Event "Prague op"]
[Site "Prague"]
[Date "1985.??.??"]
[Round "?"]
[White "Lechtynsky, Jiri"]
[Black "Blaha, K."]
[Result "1-0"]
[WhiteElo "2450"]
[BlackElo "2200"]

1.Nf3 c5 2.e4 Nc6 3.Nc3 e6 4.Bb5 Nge7 5.O-O a6 6.Bxc6 Nxc6 7.d4 cxd4 8.Nxd4 Bc5
9.Be3 Qb6 10.Na4 Qa7 11.Nxc6 bxc6 12.Bxc5  1-0

[Event "Tallinn"]
[Site "Tallinn"]
[Date "1985.??.??"]
[Round "?"]
[White "Pribyl, Josef"]
[Black "Karner, Hillar"]
[Result "0-1"]
[WhiteElo "2405"]
[BlackElo "2390"]

1.e4 c5 2.Nf3 Nc6 3.Nc3 Nf6 4.e5 Ng4 5.Qe2 d6 6.exd6 e6 7.Nb5 Bxd6 8.Nxd6+ Qxd6
9.g3 e5 10.h3 Nf6 11.Bg2 O-O 12.d3 Bd7 13.O-O Nd5 14.Re1 Rae8 15.Bd2 f5 16.a3 e4
17.dxe4 fxe4 18.Ng5 e3 19.Qd3 Rf5 20.Rxe3 Nd4 21.Rxe8+ Bxe8 22.Re1 Bg6 23.Ne4 Qf8
24.f4 h5 25.b4 b6 26.c3 Nb3 27.c4 Nxd2 28.Qxd2 Nf6 29.Nd6 cxb4 30.Nxf5 Bxf5
31.axb4 Qc8 32.Bd5+ Kh7 33.h4 b5 34.Qd4 Qd7 35.Rd1 bxc4 36.Bxc4 Qa4 37.Ra1 Qc2
38.Rxa7 Be4 39.Bf1 Qb3 40.Qf2 Ng4  0-1

[Event "Tirnavia-B"]
[Site "Trnava"]
[Date "1985.??.??"]
[Round "7"]
[White "Brkovic, Zoran"]
[Black "Jankovec, Ivan"]
[Result "1-0"]
[WhiteElo "2375"]
[BlackElo "2335"]

1.e4 c5 2.Nf3 Nc6 3.Nc3 d6 4.d4 cxd4 5.Nxd4 Nf6 6.Be2 e6 7.O-O a6 8.Nxc6 bxc6
9.f4 Be7 10.Qe1 O-O 11.e5 Ne8 12.Be3 Rb8 13.b3 Qc7 14.Qg3 d5 15.Nd1 c5 16.Nf2 f5
17.c4 a5 18.cxd5 exd5 19.Nd3 Qa7 20.Rfc1 d4 21.Bf2 Nc7 22.Nb2 Be6 23.Bc4 Bxc4
24.Rxc4 Nd5 25.Na4 Nb6 26.Nxb6 Qxb6 27.Be1 Rfc8 28.Rac1 Ra8 29.Qf3 Qe6 30.h3 Kh8
31.Bd2 Qd7 32.Ra4 Bd8 33.Rxc5 Rxc5 34.Qxa8 Rc8 35.Qa6 h6 36.Kh2 Rc6 37.Qd3 Bb6
38.Bxa5 Bxa5 39.Rxa5 Rc3 40.e6 Qxe6 41.Qxf5 Qxf5 42.Rxf5 Rc2 43.Rd5 Rxa2
44.Rxd4 Rb2 45.Rd3 h5 46.Kg3 h4+ 47.Kxh4 Rxg2 48.Rg3 Rb2 49.Kg4 Kg8 50.Kf5 Kf7
51.Ke5 Re2+ 52.Kd4 Rf2 53.b4 Rxf4+ 54.Kc5 Kf6 55.b5 Rf1 56.b6 Rc1+ 57.Kb4 Rc8
58.Kb5  1-0

[Event "Augsburg"]
[Site "Augsburg"]
[Date "1986.??.??"]
[Round "?"]
[White "Barczay, Laszlo"]
[Black "Deze, Anton"]
[Result "1-0"]
[WhiteElo "2370"]
[BlackElo "2420"]

1.e4 c5 2.Nf3 Nc6 3.Nc3 d6 4.d4 cxd4 5.Nxd4 Nf6 6.Bg5 e6 7.Qd2 Be7 8.O-O-O O-O
9.f4 h6 10.Bh4 e5 11.Nf5 Bxf5 12.exf5 exf4 13.Kb1 d5 14.Bxf6 Bxf6 15.Nxd5 Be5
16.g3 fxg3 17.hxg3 Ne7 18.g4 Nxd5 19.Qxd5 Qf6 20.Qb3 b5 21.Bg2 Rad8 22.a3 a5
23.c3 Rxd1+ 24.Rxd1 Qh4 25.Bd5 Bf6 26.Qxb5 Qxg4 27.Bb3 Qe4+ 28.Ka2 h5 29.Rd7 h4
30.Bd5 Qe5 31.Qc4 Qxf5 32.Bxf7+ Rxf7 33.Qxf7+ Kh7 34.Rd5 Qg6 35.Rh5+  1-0

[Event "Biel-JMT"]
[Site "Biel"]
[Date "1986.??.??"]
[Round "?"]
[White "Franzoni, Giancarlo"]
[Black "Csom, Istvan"]
[Result "1/2-1/2"]
[WhiteElo "2375"]
[BlackElo "2505"]

1.e4 c5 2.Nc3 Nc6 3.Nge2 d6 4.d4 cxd4 5.Nxd4 Nf6 6.Nb3 e6 7.Bd3 a6 8.O-O Be7
9.f4 Qc7 10.Kh1 b5 11.Bd2 O-O 12.Qf3 b4 13.Ne2 e5 14.Ng3 a5 15.Be3 exf4 16.Bxf4 Ne5
17.Qe2  1/2-1/2

[Event "Biel-JMT"]
[Site "Biel"]
[Date "1986.??.??"]
[Round "?"]
[White "Franzoni, Giancarlo"]
[Black "Cramling, Dan"]
[Result "1/2-1/2"]
[WhiteElo "2375"]
[BlackElo "2415"]

1.e4 c5 2.Nc3 Nc6 3.Nge2 e6 4.g3 Nf6 5.Bg2 a6 6.d4 cxd4 7.Nxd4 Qc7 8.O-O d6
9.Re1 Be7 10.Nxc6 bxc6 11.e5 dxe5 12.Rxe5 O-O 13.Re1 Rd8 14.Qe2 Nd5 15.Ne4 a5
16.c4 Nb4 17.Be3 Ba6 18.b3 a4 19.Bc5 Bb7 20.a3 Na6 21.Bxe7 Qxe7 22.b4 c5
23.b5 Nb8 24.Rad1 Nd7 25.Rd2 Nb6 26.Red1 Bxe4 27.Qxe4 g6 28.Bf1 Rxd2 29.Rxd2 Qc7
30.f4 Kf8 31.Kf2 Ke7 32.Be2 Rd8 33.Rxd8 Kxd8 34.Qe3 Ke7 35.Qc3 Qd6 36.Qe3 h5
37.Qe5 Nd7 38.Qxd6+ Kxd6 39.Bd3 Nb6 40.h3 Nd7 41.g4 hxg4 42.hxg4 Nb6 43.Kf3 f5
44.gxf5 gxf5  1/2-1/2

[Event "Canada zt"]
[Site "Canada"]
[Date "1986.??.??"]
[Round "?"]
[White "Hergott, Deen"]
[Black "Ross, David"]
[Result "1/2-1/2"]
[WhiteElo "2250"]
[BlackElo "2285"]

1.Nc3 c5 2.Nf3 Nc6 3.e4 g6 4.Bb5 Bg7 5.Bxc6 bxc6 6.O-O d6 7.Re1 e5 8.Ne2 Ne7
9.Ng3 O-O 10.c3 Qb6 11.d3 h6 12.Rb1 Be6 13.b3 Qa5 14.Qc2 Qc7  1/2-1/2

[Event "ITA-ch46"]
[Site "Cesenatico"]
[Date "1986.??.??"]
[Round "3"]
[White "Martorelli, Antonio"]
[Black "Lanzani, Mario"]
[Result "1/2-1/2"]
[WhiteElo "2305"]
[BlackElo "2250"]

1.e4 c5 2.Nc3 Nc6 3.Nge2 e5 4.Nd5 Nge7 5.Nec3 Nxd5 6.Nxd5 d6 7.Bc4 Be6 8.d3 Be7
9.f4 exf4 10.Bxf4 O-O 11.O-O Na5 12.Nxe7+ Qxe7 13.Bxe6 fxe6 14.d4 cxd4 15.Qxd4 e5
16.Qd5+ Qf7 17.Bg5 Qxd5 18.exd5 b5 19.a4 b4 20.Be7 Rxf1+ 21.Rxf1 Nb7 22.c3 Re8
23.Bh4 bxc3 24.bxc3 Rc8 25.Rb1 Nc5 26.a5 Ne4 27.Be1 Nxc3 28.Rb7 Nxd5 29.Rxa7 e4
30.Rb7 Rc1 31.a6 Rxe1+ 32.Kf2 Ra1 33.a7 Ra2+ 34.Kg3 Ra3+ 35.Kf2 Ra2+ 36.Kg3 Nb6
37.Rxb6 Rxa7 38.Rxd6 Ra2 39.Re6 Re2 40.h4 Kf7 41.Re5 Kf6 42.Rg5 e3 43.Kf3 Re1
44.Rg4 g6  1/2-1/2

[Event "Dubai ol (Men)"]
[Site "Dubai"]
[Date "1986.??.??"]
[Round "1"]
[White "Raphael, J."]
[Black "Laird, Craig"]
[Result "0-1"]
[WhiteElo "2205"]
[BlackElo "2315"]

1.e4 c5 2.Nf3 Nc6 3.Nc3 g6 4.g3 Bg7 5.Bg2 e6 6.d3 Nge7 7.Be3 Nd4 8.Qd2 d5
9.Nd1 O-O 10.c3 Nxf3+ 11.Bxf3 dxe4 12.Bxe4 Qc7 13.f4 Bd7 14.Nf2 Rad8 15.g4 Nd5
16.O-O-O Qa5 17.Bxd5 exd5 18.Kb1 f5 19.g5 Be6 20.d4 c4 21.h4 Bf7 22.Rh2 Rd6
23.Nh1 Re8 24.Ng3 Ra6 25.a3 Bf8 26.Qc1 Qa4 27.Re1 Rb6 28.Qc2 Rb3 29.Rhe2 Bxa3
30.Bc1 Rxe2 31.Rxe2 Bd6 32.Be3 b5 33.Nf1 a5 34.Nd2 b4 35.Nxb3 cxb3 36.Qd1 Qa2+
37.Kc1 bxc3 38.Qd3 cxb2+ 39.Rxb2 Ba3 40.Qb1 Be8 41.Bd2 Bb5 42.Bc3 Qxb1+ 43.Kxb1 a4
44.Rg2 Bd3+ 45.Ka1 Bc1 46.Rg1 Bxf4 47.Kb2 Bd6 48.Rd1 Bc4 49.Re1 a3+ 50.Ka1 Kf7
51.Re3 f4 52.Rf3 Ke6 53.Bd2 Kf5 54.Rc3 Ke4  0-1

[Event "FRA-chB"]
[Site "Epinal"]
[Date "1986.??.??"]
[Round "2"]
[White "Apicella, Manuel"]
[Black "Degraeve, Jean Marc"]
[Result "1-0"]
[WhiteElo "2285"]
[BlackElo "2170"]

1.e4 c5 2.Nf3 Nc6 3.Nc3 Nf6 4.Bb5 d6 5.e5 dxe5 6.Nxe5 Qc7 7.Bxc6+ bxc6 8.Qe2 e6
9.d3 Nd5 10.O-O Bd6 11.f4 O-O 12.g3 Ba6 13.Bd2 Bxe5 14.fxe5 c4 15.Nxd5 exd5
16.d4 c5 17.Bc3 Bc8 18.Rf4 Re8 19.Raf1 f5 20.Qf2 cxd4 21.Bxd4 Be6 22.Rf3 g6
23.h3 Re7 24.Kh2 Rf7 25.Qd2 Qe7 26.Ra3 g5 27.Ra6 Rg7 28.Qe2 Rg6 29.Qe3 Rh6
30.Rxf5 Rxh3+ 31.Kxh3 Bxf5+ 32.g4 Bg6 33.Rf6 Re8 34.Qxg5 Qg7 35.e6 Rxe6  1-0

[Event "FRG-qual Sued"]
[Site "Germany"]
[Date "1986.??.??"]
[Round "?"]
[White "Ruehrig, Volkhard"]
[Black "Roeder, Frank"]
[Result "1/2-1/2"]
[WhiteElo "2335"]
[BlackElo "2325"]

1.e4 c5 2.Nf3 Nc6 3.Nc3 e5 4.Bc4 g6 5.d3 Bg7 6.Ng5 Nh6 7.O-O d6 8.f4 exf4
9.Bxf4 O-O 10.Qd2 Ne5 11.Bxe5 Bxe5 12.Ne2  1/2-1/2

[Event "Hastings8687"]
[Site "Hastings"]
[Date "1986.??.??"]
[Round "?"]
[White "Large, Peter G"]
[Black "Conquest, Stuart"]
[Result "0-1"]
[WhiteElo "2370"]
[BlackElo "2430"]

1.e4 c5 2.Nf3 Nc6 3.Nc3 d6 4.d4 cxd4 5.Nxd4 Nf6 6.Bc4 e6 7.Be3 a6 8.Qe2 Qc7
9.Bb3 Be7 10.O-O-O Nxd4 11.Bxd4 O-O 12.Rhg1 b5 13.g4 Nd7 14.g5 b4 15.Qh5 Ne5
16.Na4 Ng6 17.h4 Rb8 18.Qe2 Kh8 19.Be3 e5 20.h5 Nf4 21.Bxf4 exf4 22.g6 fxg6
23.hxg6 Rb5 24.Bd5 Bd7 25.Rh1 h6 26.b3 Bf6 27.Rh5 Rc8 28.c4 bxc3 29.Rdh1 Rxd5
30.exd5 Re8 31.Qf3 Be5 32.Qe4 Qa7 33.R5h2 Kg8 34.f3 Bd4 35.Qd3 Rf8 36.Rh5 Bf6
37.Kb1 Bxa4 38.bxa4 Qb6+ 39.Kc1 Qb2+ 40.Kd1 Re8 41.R5h2 Qa1+ 42.Kc2 Qxa2+
43.Kc1 Qa3+ 44.Kd1 Qa1+ 45.Kc2 Qxa4+ 46.Kc1 Bd4 47.Qc2 Be3+ 48.Kd1 Qd4+ 49.Ke1 Bg1+
50.Kf1 Bxh2 51.Rxh2 Re3 52.Rf2 Qxd5 53.Kg2 Re6 54.Kf1 Qb5+ 55.Kg2 Qg5+ 56.Kf1 Qxg6  0-1

[Event "ISR-ch"]
[Site "?"]
[Date "1986.??.??"]
[Round "?"]
[White "Afek, Yochanan"]
[Black "Greenfeld, Alon"]
[Result "1/2-1/2"]
[WhiteElo "2285"]
[BlackElo "2505"]

1.e4 c5 2.Nc3 Nc6 3.Nge2 a6 4.d4 cxd4 5.Nxd4 e6 6.Be3 Nge7 7.Bd3 Nxd4 8.Bxd4 Nc6
9.Be3 b5 10.O-O Bb7 11.f4 Rc8 12.Qh5 b4 13.Na4 Qa5 14.Qxa5 Nxa5 15.b3 Be7
16.Bb6 Nc6 17.Nc5 Nd8 18.Nxb7 Nxb7 19.Kf2 O-O 20.Bd4 Rc6 21.Ke3 Rfc8 22.a3 bxa3
23.b4 Bxb4 24.Rfb1 a5 25.c3 Rxc3 26.Bxc3 Rxc3 27.Rc1 Rxc1 28.Rxc1 Nc5 29.Bb1 Kf8
30.g4 f6 31.h4 h6 32.Ba2 Ke7 33.Kd4 Nb7 34.f5 Nd8 35.fxe6 Nxe6+ 36.Bxe6 Kxe6
37.Rc2 d6 38.Kd3 Ke5 39.Rf2 Bc5 40.Rf5+ Ke6 41.Kc2 Kd7 42.Kb3 Ke6 43.Rd5 Bb4
44.Rf5 Be1 45.h5 Bb4 46.Rb5 Bc5 47.Rb7 Ke5 48.Rxg7 Be3 49.Re7+ Kf4 50.Rf7 Ke5  1/2-1/2

[Event "ISR-ch"]
[Site "?"]
[Date "1986.??.??"]
[Round "?"]
[White "Gruenfeld, Yehuda"]
[Black "Manor, Ilan"]
[Result "1/2-1/2"]
[WhiteElo "2535"]
[BlackElo "2425"]

1.e4 c5 2.Nf3 Nc6 3.Nc3 Nf6 4.Bb5 Nd4 5.e5 Nxb5 6.Nxb5 Nd5 7.O-O a6 8.c4 Nb6
9.Nc3 d5 10.d4 e6 11.cxd5 Nxd5 12.Ne4 cxd4 13.Qxd4 h6 14.b3 Bd7 15.Bb2 Be7
16.Nd6+ Bxd6 17.exd6 f6 18.Nh4 O-O 19.Ng6 Re8 20.Rfd1 Bc6 21.Ba3 Qa5 22.Qc5 Qxc5
23.Bxc5 Rad8 24.h4 h5 25.Ne7+ Nxe7 26.dxe7 Rxd1+ 27.Rxd1 Bd5 28.f4 g6 29.Kf2 Kf7
30.Rd2 Rc8 31.Ba3 Rc3 32.Bb4 Rc1 33.Bd6 Rc6 34.Ba3 Rc3 35.Re2 Rc8 36.Ke1 a5
37.b4 axb4 38.Bxb4 Rc1+ 39.Kf2 Rc4 40.Bd6 Rc6 41.Bb4 Rc4 42.Bd6 Rc6  1/2-1/2

[Event "URS-FL"]
[Site "Kujbyshev"]
[Date "1986.??.??"]
[Round "?"]
[White "Kupreichik, Viktor D"]
[Black "Sveshnikov, Evgeny"]
[Result "1-0"]
[WhiteElo "2490"]
[BlackElo "2535"]

1.e4 c5 2.Nf3 Nc6 3.Nc3 e5 4.Bc4 Be7 5.d3 Nf6 6.Ng5 O-O 7.f4 exf4 8.Bxf4 d6
9.O-O h6 10.Nf3 Be6 11.Qd2 d5 12.exd5 Nxd5 13.Bxd5 Bxd5 14.Bxh6 gxh6 15.Qxh6 Nd4
16.Nxd4 Bg5 17.Qh5 cxd4 18.Nxd5 Qxd5 19.Rf4 Rae8 20.h4 Re5 21.hxg5 Rxg5 22.Rg4 f6
23.Rf1 Kg7 24.Rxf6 Kxf6 25.Qh6+ Ke7 26.Rxg5  1-0

[Event "GLC Masters"]
[Site "London"]
[Date "1986.??.??"]
[Round "2"]
[White "Gallagher, Joseph G"]
[Black "Carlier, Bruno"]
[Result "0-1"]
[WhiteElo "2325"]
[BlackElo "2315"]

1.e4 c5 2.Nf3 Nc6 3.Nc3 d6 4.d4 cxd4 5.Nxd4 Nf6 6.Bg5 e6 7.Qd2 Be7 8.O-O-O O-O
9.Nb3 Qb6 10.Bxf6 Bxf6 11.Na4 Qc7 12.f4 Be7 13.Bd3 Rb8 14.Nc3 a6 15.Qe3 b5
16.Rhe1 Bf6 17.Ne2 a5 18.Nbd4 Qb6 19.e5 dxe5 20.Qe4 g6 21.Nxc6 Bb7 22.fxe5 Bxc6
23.Qf4 Bg7 24.Ng3 Qc5 25.Kb1 Rfd8 26.Re2 Rd4 27.Qe3 b4 28.Rf1 Rbd8 29.Qf2 R8d7
30.Qe3 a4 31.Rc1 Qf8 32.Qf2 Qb8 33.Qe3 b3 34.Be4 Bxe4 35.Nxe4 Qxe5 36.cxb3 Rd1
37.Nc3 Qxe3 38.Rxe3 Rxc1+ 39.Kxc1 Bh6  0-1

[Event "GLC Masters"]
[Site "London"]
[Date "1986.??.??"]
[Round "12"]
[White "Jacobs, Byron A"]
[Black "Arkell, Keith C"]
[Result "1-0"]
[WhiteElo "2295"]
[BlackElo "2375"]

1.e4 c5 2.Nc3 Nc6 3.Nge2 e5 4.Nd5 Nf6 5.Nec3 Nxd5 6.Nxd5 Be7 7.Bc4 O-O 8.O-O d6
9.a3 a6 10.d3 b5 11.Ba2 Be6 12.f4 exf4 13.Bxf4 Bg5 14.Qh5 Bxf4 15.Rxf4 Ne5
16.Rh4 h6 17.Rf1 Ng6 18.Nf6+ Kh8 19.Qxh6+  1-0

[Event "Lugano op"]
[Site "Lugano"]
[Date "1986.??.??"]
[Round "?"]
[White "Cuijpers, Frans Andre"]
[Black "Groszpeter, Attila"]
[Result "1/2-1/2"]
[WhiteElo "2425"]
[BlackElo "2470"]

1.e4 c5 2.Nc3 Nc6 3.Nf3 d6 4.d4 cxd4 5.Nxd4 Nf6 6.Bg5 e6 7.Qd2 a6 8.O-O-O Bd7
9.f4 b5 10.Bxf6 gxf6 11.Kb1 Qb6 12.Nce2 Rc8 13.g3 Na5 14.b3 Nb7 15.Bg2 Nc5
16.Rhe1 h5 17.Bf3 a5 18.h4 b4 19.Nc1 a4 20.Qe2 Bg7 21.Bxh5 axb3 22.cxb3 Nxe4
23.Qxe4 Rxh5 24.f5 e5 25.Qg4 Rh7 26.Nd3 Kf8 27.Ne6+ Kg8 28.Nxb4 fxe6 29.fxe6 Be8
30.Nd5 Qa7 31.Nxf6+ Kh8 32.Nxh7 e4 33.Qe2 Rc3 34.Rc1 Qd4 35.Ng5 Re3 36.Qh5+ Bxh5
37.Rc8+ Bf8 38.Rxf8+ Kg7 39.Rxe3 Kxf8 40.e7+ Ke8 41.Nxe4 Qxe3 42.Nf6+ Kf7
43.e8=Q+ Qxe8 44.Nxe8 Kxe8 45.Kc2 Kd7 46.Kd3 Kc6 47.Kd4 Bf3 48.b4 Kb5 49.a3 d5
50.Kc3 Be2 51.Kd4 Bf3 52.Ke3 Bh5 53.Kd3 Bg4 54.Kc3 Be2 55.Kd4  1/2-1/2

[Event "Mendrisio op"]
[Site "Mendrisio"]
[Date "1986.??.??"]
[Round "?"]
[White "Ekstroem, Roland"]
[Black "Kelecevic, Nedeljko"]
[Result "1/2-1/2"]
[WhiteElo "2395"]
[BlackElo "2330"]

1.e4 c5 2.Nc3 Nc6 3.Nf3 d6 4.d4 cxd4 5.Nxd4 Nf6 6.Bc4 e6 7.Be3 Be7 8.Qe2 a6
9.O-O-O Qc7 10.Bb3 Na5 11.g4 g6 12.g5 Nh5 13.f4 b5 14.f5 Nxb3+ 15.axb3 O-O
16.Qd3 Re8 17.Rhf1 Bf8 18.Rd2 b4 19.Na4 exf5 20.exf5 Bb7 21.fxg6 fxg6 22.Rdf2 Bg7
23.Rf7 Be4 24.Rxc7  1/2-1/2

[Event "URS-ch otbor"]
[Site "Minsk"]
[Date "1986.??.??"]
[Round "?"]
[White "Yakovich, Yuri"]
[Black "Sveshnikov, Evgeny"]
[Result "1/2-1/2"]
[WhiteElo "2440"]
[BlackElo "2560"]

1.e4 c5 2.Nc3 Nc6 3.Nf3 e5 4.Bc4 d6 5.d3 Be7 6.O-O Nf6 7.Ng5 O-O 8.f4 exf4
9.Bxf4 h6 10.Nf3 Be6 11.Nd5 Bxd5 12.Bxd5 Nxd5 13.exd5 Ne5 14.Nxe5 dxe5 15.Bxe5 Qxd5
16.Bc3 Bg5 17.Qf3 Qxf3 18.Rxf3 Rae8 19.Re1 Rxe1+ 20.Bxe1 Re8 21.Kf1 g6 22.Bf2 b6
23.d4 cxd4 24.Bxd4 f5  1/2-1/2

[Event "Oakham YM"]
[Site "Oakham"]
[Date "1986.??.??"]
[Round "7"]
[White "Kuczynski, Robert"]
[Black "Horvath, Csaba"]
[Result "1/2-1/2"]
[WhiteElo "2410"]
[BlackElo "2345"]

1.e4 c5 2.Nf3 Nc6 3.Nc3 e5 4.Bc4 d6 5.d3 Be7 6.Nd5 Nf6 7.Nxe7 Qxe7 8.h3 Be6
9.Bb5 h6 10.c3 O-O 11.O-O a6 12.Bxc6 bxc6 13.Re1 Nd7 14.d4 Rfb8 15.Qc2 Qf6
16.Qd1 Qe7 17.Qe2 a5 18.Be3  1/2-1/2

[Event "POL-ch"]
[Site "?"]
[Date "1986.??.??"]
[Round "9"]
[White "Kuczynski, Robert"]
[Black "Dybowski, Jerzy"]
[Result "1-0"]
[WhiteElo "2410"]
[BlackElo "2365"]

1.e4 c5 2.Nf3 Nc6 3.Nc3 Nf6 4.Bb5 a6 5.Bxc6 dxc6 6.d3 Bg4 7.h3 Bxf3 8.Qxf3 e6
9.O-O Be7 10.Qe2 O-O 11.f4 Ne8 12.Be3 b6 13.Rad1 Bf6 14.e5 Be7 15.d4 cxd4
16.Rxd4 Qc8 17.Rfd1 Nc7 18.Rd7 Re8 19.Na4 Nd5 20.Nxb6 Nxb6 21.Bxb6 Qb8 22.Bd4 Qb4
23.a3 Qa4 24.c4 Rad8 25.Bc3 h6 26.Rxd8 Rxd8 27.Rxd8+ Bxd8 28.Qd3 Bb6+ 29.Kh2 Qb3
30.f5 Bc5 31.f6 gxf6 32.Qg3+ Kh7 33.exf6 Bf8 34.Qd3+ Kg8 35.Qg3+ Kh7 36.Qc7 Kg6
37.Qxc6 Qb8+ 38.g3 e5 39.Qxa6 Qb3 40.Qc6 Qc2+ 41.Qg2 Qf5 42.Qe2 h5 43.Bxe5 Bc5
44.b4  1-0